000
00323nam a2200145Ia 4500
100
_a
Saxena/H.C
250
_a
10
942
_c
BK
654
_a
finite
245
_a
Finite differences and numerical analysis
260
_b
S.Chand and Co.
_a
New Delhi
_c
1986
082
_a
515.62
_b
SAX
300
_a
358
546
_a
ENGLISH
999
_c
32577
_d
32577